Normal view
MARC view
- Khatibi, Wafaa
Entry Personal Name
001 - CONTROL NUMBER
- control field: 125682
003 - CONTROL NUMBER IDENTIFIER
- control field: NUST
005 - DATE AND TIME OF LATEST TRANSACTION
- control field: 20240905155724.0
008 - FIXED-LENGTH DATA ELEMENTS
- fixed length control field: 240905|| aca||aabn | a|a d
040 ## - CATALOGING SOURCE
- Original cataloging agency: NUST
- Transcribing agency: NUST
100 ## - HEADING--PERSONAL NAME
- Personal name: Khatibi, Wafaa
670 ## - SOURCE DATA FOUND
- Source citation: Work cat.: (NUST): Khatibi, Wafaa, Household Consumption of Durable Goods: A Two-Stage Budgeting Framework at Different Levels of Inflation in Pakistan/
